Normal view MARC view
  • Desai S S (2K4205)

Entry Personal Name

Number of records used in: 1

001 - CONTROL NUMBER

  • control field: 102193

003 - CONTROL NUMBER IDENTIFIER

  • control field: OSt

005 - DATE AND TIME OF LATEST TRANSACTION

  • control field: 20221007215922.0

008 - FIXED-LENGTH DATA ELEMENTS

  • fixed length control field: 221007|| aca||aabn | a|a d

040 ## - CATALOGING SOURCE

  • Original cataloging agency: OSt
  • Transcribing agency: OSt

100 ## - HEADING--PERSONAL NAME

  • Personal name: Desai S S (2K4205)

670 ## - SOURCE DATA FOUND

  • Source citation: Work cat.: (OSt)69354: Desai S S (2K4205), Sales Order and Billing System, 2006